Online katalóg knižníc regiónu Turca

Búrlivé výšiny (Record no. 22249)

MARC details
000 -LEADER
fixed length control field 01442cam a2200397 a 4500
001 - CONTROL NUMBER
control field 22249
003 - CONTROL NUMBER IDENTIFIER
control field VRT
005 - DATE AND TIME OF LATEST TRANSACTION
control field 20260323151422.0
008 - FIXED-LENGTH DATA ELEMENTS--GENERAL INFORMATION
fixed length control field 160314s1993 xo 0000f slo
015 ## - NATIONAL BIBLIOGRAPHY NUMBER
National bibliography number SNBA1993/11
020 ## - INTERNATIONAL STANDARD BOOK NUMBER
International Standard Book Number 8071180912
Qualifying information (viaz.)
035 ## - SYSTEM CONTROL NUMBER
System control number SNK000016172
039 #9 - LEVEL OF BIBLIOGRAPHIC CONTROL AND CODING DETAIL [OBSOLETE]
Level of rules in bibliographic description 202202212029
Level of effort used to assign nonsubject heading access points csnk01
Level of effort used to assign subject headings 202202212029
Level of effort used to assign classification csnk01
Level of effort used to assign subject headings 201704031443
Level of effort used to assign classification msllk12
Level of effort used to assign subject headings 201603142053
Level of effort used to assign classification VLOAD
040 ## - CATALOGING SOURCE
Original cataloging agency SNK
Language of cataloging slo
Transcribing agency SNK
Description conventions AACR2
041 1# - LANGUAGE CODE
Language code of text/sound track or separate title slo
Language code of original eng
044 ## - COUNTRY OF PUBLISHING/PRODUCING ENTITY CODE
MARC country code xo
ISO country code SK
080 ## - UNIVERSAL DECIMAL CLASSIFICATION NUMBER
Universal Decimal Classification number 820-3
Edition identifier 1981
100 1# - MAIN ENTRY--PERSONAL NAME
Personal name Brontë, Emily,
Dates associated with a name 1818-1848
Relationship aut
240 10 - UNIFORM TITLE
Uniform title Wuthering heights
Language of a work Slovensky
245 10 - TITLE STATEMENT
Title Búrlivé výšiny
Statement of responsibility, etc. Emily Brontëová ; z anglického originálu Wuthering heights ... preložila Magda Žáryová
250 ## - EDITION STATEMENT
Edition statement 1. vyd.
260 ## - PUBLICATION, DISTRIBUTION, ETC.
Place of publication, distribution, etc. Bratislava
Name of publisher, distributor, etc. Ikar
Date of publication, distribution, etc. 1993
Place of manufacture Bratislava
Manufacturer Svornosť, spol. s r.o.
300 ## - PHYSICAL DESCRIPTION
Extent 269 s.
Dimensions 20 cm
500 ## - GENERAL NOTE
General note Celkovo 3. vyd.
655 #7 - INDEX TERM--GENRE/FORM
Genre/form data or focus term anglické romány
Source of term SNKPH
700 1# - ADDED ENTRY--PERSONAL NAME
Personal name Žáryová, Magda,
Dates associated with a name 1927-2009
Relationship trl
910 ## - USER-OPTION DATA (OCLC)
User-option data snk
942 ## - ADDED ENTRY ELEMENTS (KOHA)
Source of classification or shelving scheme Dewey Decimal Classification
Koha item type Krásna literatúra pre dospelých
Suppress in OPAC No
949 ## - LOCAL PROCESSING INFORMATION (OCLC)
6 17A1010841
a snkSC 84731
949 ## - LOCAL PROCESSING INFORMATION (OCLC)
6 17A0034138
9 P60, <05>, [BOOK], {605}
a snkSC 84731 D1
949 ## - LOCAL PROCESSING INFORMATION (OCLC)
6 4710700546
9 1
a strmkB
b strmk2008/546
949 ## - LOCAL PROCESSING INFORMATION (OCLC)
6 4710700553
9 1
a strmkB
b strmk2008/553
949 ## - LOCAL PROCESSING INFORMATION (OCLC)
6 270001000035076
a svkbbA 84442
b svkbbm 580499
949 ## - LOCAL PROCESSING INFORMATION (OCLC)
6 273K0488012
a svkpoA 162669
b svkpo401355
o PV 2624/94
q lepená
r lepená
s 4705:20260320
Holdings
Stav vyradenia Strata Poškodenie Spôsob nadobudnutia Domovská knižnica Aktuálna knižnica Dátum nadobudnutia Total checkouts Čiarový kód exemplára Date last seen Typ exemplára
      Dar Obecná knižnica Horná Štubňa Obecná knižnica Horná Štubňa 23.03.2026   4736201918 23.03.2026 Krásna literatúra pre dospelých
Projekt je podporený Slovenskou asociáciou knižníc
Prevádzkuje Turčianska knižnica Martin 2026